Top 10 Länder mit den meisten Panzern - Statistiken

Allgemein
  • Dieses Quiz wurde 158 mal gespielt
  • Das Durchschnittsergebnis liegt bei 7 aus 10
Antwortstatistiken
Platz Anzahl Panzer Land % Korrekt
1 14.777 Russland
100%
5 4.657 Vereinigte Staaten
99%
4 5.000 China
98%
6 4.614 Indien
87%
2 5.845 Nordkorea
80%
9 2.501 Südkorea
66%
7 3.742 Pakistan
63%
10 2.231 Türkei
61%
3 5.340 Ägypten
42%
8 2.720 Syrien
25%
Keine übereinstimmenden Quizze gefunden
Verteilung der Resultate
Anzahl Personen mit jedem Resultat
Perzentil nach korrekt beantworteten Fragen
Ihre Resultats-Entwicklung
Sie haben dieses Quiz noch nicht gespielt